Cơ sở hóa học phức chất

Nội dung giới thiệu những liên kết trong phức chất, hiện tượng đồng phân của phức chất, các phản ứng và cơ chế phản ứng của phức chất kim loại, phức chất và nguyên tố d.

Gespeichert in:
Bibliographische Detailangaben
1. Verfasser: Trần, Thị Bình
Format: Buch
Sprache:Undetermined
Veröffentlicht: Hà Nội Khoa học và Kỹ thuật 2008
Schlagworte:
Tags: Tag hinzufügen
Keine Tags, Fügen Sie den ersten Tag hinzu!
Thư viện lưu trữ: Trung tâm Học liệu Trường Đại học Cần Thơ
LEADER 00871nam a2200205Ia 4500
001 CTU_132714
008 210402s9999 xx 000 0 und d
020 |c 58000 
082 |a 546.3 
082 |b B312 
100 |a Trần, Thị Bình 
245 0 |a Cơ sở hóa học phức chất 
245 0 |c Trần Thị Bình 
260 |a Hà Nội 
260 |b Khoa học và Kỹ thuật 
260 |c 2008 
520 |a Nội dung giới thiệu những liên kết trong phức chất, hiện tượng đồng phân của phức chất, các phản ứng và cơ chế phản ứng của phức chất kim loại, phức chất và nguyên tố d. 
650 |a Chemistry, analytic,Chemistry, inorganic,Mixtures 
904 |i Hạ Nguyên 
980 |a Trung tâm Học liệu Trường Đại học Cần Thơ